[Event "MEX-ch"]
[Site "Mexico City"]
[Date "2023.11.09"]
[Round "3"]
[White "Velazquez Rios, Christian Jonatha"]
[Black "Luna Javier, Edgar Froylan"]
[Result "0-1"]
[WhiteElo "1892"]
[BlackElo "2184"]
[PlyCount "108"]
[EventDate "2023.11.07"]
[EventType "swiss"]
[EventRounds "9"]
[EventCountry "MEX"]
[SourceTitle "CB46_2023"]
[SourceDate "2023.11.15"]
[SourceVersion "1"]
[SourceVersionDate "2023.11.15"]
[SourceQuality "1"]

1. e4 c5 2. Nf3 g6 3. d4 cxd4 4. Nxd4 Bg7 5. c4 Nc6 6. Be3 Qb6 7. Nb5 Qa5+ 8. N5c3 Nf6 9. f3 0-0 10. Be2 d6 11. 0-0 Be6 12. Nd2 Rfc8 13. Nb3 Qd8 14. Nd5 Nd7 15. Qd2 a5 16. Rab1 a4 17. Nc1 Qa5 18. Qxa5 Rxa5 19. Rd1 Bxd5 20. cxd5 Nce5 21. b3 axb3 22. axb3 f5 23. f4 Nf7 24. exf5 gxf5 25. Bc4 Nf6 26. Bb6 Raa8 27. Ne2 Nh6 28. Rd2 Ne4 29. Rc2 Ng4 30. h3 Ngf6 31. Nd4 Nd7 32. Nxf5 Nxb6 33. Nxe7+ Kf7 34. Nxc8 Rxc8 35. Re1 Nf6 36. Rce2 Bf8 37. Bd3 Rc3 38. Bf5 Nbxd5 39. Be6+ Kg7 40. Rf1 Nc7 41. Bc8 Rxb3 42. g4 d5 43. Rd1 Bc5+ 44. Kg2 d4 45. Rc2 Ncd5 46. Rxc5 Ne3+ 47. Kh2 Rb2+ 48. Kh1 Nxd1 49. Rc7+ Kf8 50. Bf5 d3 51. g5 Nh5 52. g6 hxg6 53. Bxg6 Ng3+ 54. Kg1 Ne3 0-1